1962 Yearbook (Record no. 494960)

000 -LEADER
fixed length control field 00514cam a22001577a 4500
008 - FIXED-LENGTH DATA ELEMENTS--GENERAL INFORMATION
fixed length control field 180718b1962 xxu||||| |||| 00| 0 eng d
082 ## - DEWEY DECIMAL CLASSIFICATION NUMBER
Classification number B11064 M45/62
100 ## - MAIN ENTRY--PERSONAL NAME
Personal name Max Mueller Bhavan
245 ## - TITLE STATEMENT
Title 1962 Yearbook
Statement of responsibility, etc. by Max Mueller Bhavan edited by Heimo Rau
260 ## - PUBLICATION, DISTRIBUTION, ETC.
Place of publication, distribution, etc. New Delhi
Name of publisher, distributor, etc. Lakherwal
Date of publication, distribution, etc. 1962
300 ## - PHYSICAL DESCRIPTION
Extent 108p
650 ## - SUBJECT ADDED ENTRY--TOPICAL TERM
Topical term or geographic name entry element India - Relations (General) With Germany (Federal Republic) - Yearbooks
650 ## - SUBJECT ADDED ENTRY--TOPICAL TERM
Topical term or geographic name entry element Culture - Germany (Federal Republic)
650 ## - SUBJECT ADDED ENTRY--TOPICAL TERM
Topical term or geographic name entry element Culture - India
700 ## - ADDED ENTRY--PERSONAL NAME
Personal name Rau, Heimo,ed
Holdings
Withdrawn status Lost status Damaged status Not for loan Permanent Location Current Location Date acquired Full call number Barcode Date last seen Price effective from Koha item type
        Indian Institute of Public Administration Indian Institute of Public Administration 2018-08-04 B11064 M45/62 GR7531 2018-08-04 2018-08-04 GR

Powered by Koha